000 00883nmm a2200277 a 4500
001 ocm000702124
003 TR-IsHL
005 20201028124541.0
008 130902s2010 tu tur
007 cr cn
035 _a702124
_b(N$T)
050 0 4 _aPS1316.A68
_bÇ3 2010
090 0 4 _aPS1316.A68
_bÇ3 2010
100 1 _aTwain, Mark
245 1 0 _aÇalınan taç
_h[electronic resource] /
_cMark Twain ; ed. Erdal Çakıcıoğlu
250 _a1. bs.
260 _aİstanbul :
_bBirleşik Yayın Grubu,
_c2010
300 _a87 p.
650 4 _aDil ve Edebiyat
650 4 _aLanguage and Literature
650 0 _aAmerikan romanı
650 0 _aAmerican fiction
650 7 _aLITERARY COLLECTIONS / American / General
_2bisacsh
700 1 _aÇakıcıoğlu, Erdal
856 4 0 _uhttp://search.ebscohost.com/login.aspx?direct=true&scope=site&db=e011xww&AN=702124
999 _c3012
_d3012